Responses for Show #8549 - Thursday, January 6, 2022

Amy Schneider game 27.

Contestants

[<< previous game]

Geoff Hoppe, a delivery driver from Fairfax, Virginia

Terry Wolfisch Cole, a professional storyteller from West Simsbury, Connecticut

Amy Schneider, an engineering manager from Oakland, California (whose 26-day cash winnings total $950,000)

[next game >>]

Jeopardy! Round responses

FLY BY NIGHT
MOVIES BY QUOTE
JOB DESCRIPTION
"MAL" PRACTICE
(Ken: Each response will begin with those three letters, "M-A-L".)
ANNIVERSARIES
IT'LL BE MY TWEET
    $200 30
Las Vegas

Amy
    $200 1
Top Gun

Geoff
    $200 29
supermodel

Amy
    $200 28
a mallet

Amy
    $200 27
Mozart

Amy
    $200 26
(Ken: Yes, [*] is tweeting now.)

Big Ben

Terry
    $400 22
the Arc de Triomphe

Geoff
    $400 19
Captain Phillips

Terry
    $400 23
a ballerina

Terry
    $400 24
malware

Geoff
    $400 25
the Pledge of Allegiance

Terry
    $400 20
Gritty

Geoff
    $600 21
Busch Stadium

Amy
    $600 18
Sleepless in Seattle

Terry
    $600 17
the pope

Geoff
    $600 10
malingering

Amy
    $600 11
Picasso

Terry
    $600 14
Gordon Ramsay

Terry
    $800 4
the Acropolis

Geoff
    $800 3
Jurassic Park

Geoff
    $800 6
an elector

Amy
    $800 9
Malamute

Amy
    $2,000 13
(Amy: What is Waterloo?)
...
(Ken: From the War of 1812.)

the Battle of New Orleans

Amy
    $800 16
Branson

Amy
    $1000 5
Shanghai

Geoff
    $1000 2
Tropic Thunder

Geoff
    $1000 7
an acupuncturist

Terry
    $1000 8
malnutrition

Amy
    $1000 12
Fukushima

Amy
    $1000 15
(Ken: That's correct, making even wrestling sound geeky.)

Neil deGrasse Tyson

Amy

Scores at the first commercial break (after clue 15):

Amy Terry Geoff
$3,200 $2,200 $3,800

Scores at the end of the Jeopardy! Round:

Amy Terry Geoff
$5,400 $4,200 $5,600

Double Jeopardy! Round responses

THE MISSOURI COMPROMISE
PSYCHOLOGICAL TERMS
TV SCIENCE
RELIGION
ALSO A COOKING VERB
LITERARY CHARACTERS
    $400 25
Maine

Geoff
    $400 30
separation

Amy
    $400 29
Breaking Bad

Geoff
    $400 26
(Amy: What is the Church of Latter-day Saints?)
(Geoff: What is the Church of Latter-day Jesus Christ?)

the Church of Jesus Christ of Latter-day Saints

AmyGeoff
Triple Stumper
    $400 28
a roast

Amy
    $400 27
the Cheshire Cat

Terry
    $800 24
(Henry) Clay

Amy
    $800 11
passive-aggressive

Amy
    $800 21
The Big Bang Theory

Amy
    $800 22
chastity

Amy
    $800 4
poach

Amy
    $800 23
Nick Carraway

Geoff
    $1200 17
latitude

Amy
    $1200 10
hoarding

Terry
    $1200 15
Sid

Geoff
    $1200 12
the Torah

Amy
    $1200 3
grill

Amy
    $1200 5
Anna Karenina

Amy
    $1600 16
(Amy: What are the Whigs?)

the Federalists

AmyTerry
    $1600 8
Stockholm Syndrome

Amy
    $1600 19
a coroner

Geoff
    $1600 13
Archbishop of Canterbury

Amy
    $1600 2
scramble

Amy
    $1600 6
Jude the Obscure

Amy
    $2,000 18
the Kansas-Nebraska Act

Amy
    $2000 9
conditioning

Terry
    $2000 20
Quantum Leap

Terry
    $4,000 14
the Quakers

Amy
    $2000 1
boil

Terry
    $2000 7
Bigger Thomas

Geoff

Scores at the end of the Double Jeopardy! Round:

Amy Terry Geoff
$25,400 $13,400 $11,600

[wagering suggestions for these scores]

Final Jeopardy! Round responses

HISTORIC BUILDINGS
(Ken: [To Geoff] Caen is in Normandy, and Britain had recently been conquered by the Normans.)
GeoffWhat is the Tower of London
$11,600
TerryWhat is Buckingham Palace?
$10,600
AmyWhat is the Tower of London?
$2,000
the Tower of London

Final scores:

Amy Terry Geoff
$27,400 $2,800 $23,200
27-day champion: $977,400 3rd place: $1,000 2nd place: $2,000

Game dynamics:

Coryat scores:

Amy Terry Geoff
$25,400 $13,400 $11,600
29 R
(including 2 DDs),
3 W
(including 1 DD)
14 R,
0 W
15 R,
1 W

Combined Coryat: $50,400

[game clues] [game scores] [suggest correction]

Game tape date: 2021-11-01
The J! Archive is created by fans, for fans. Scraping, republication, monetization, and malicious use prohibited; this site may use cookies and collect identifying information. See terms. The Jeopardy! game show and all elements thereof, including but not limited to copyright and trademark thereto, are the property of Jeopardy Productions, Inc. and are protected under law. This website is not affiliated with, sponsored by, or operated by Jeopardy Productions, Inc. Join the discussion at JBoard.tv.